| 000 | 00379pam a2200157a 44500 | ||
|---|---|---|---|
| 008 | 230515b1974 xxu||||| |||| 00| 0 eng d | ||
| 020 | _aNULL | ||
| 041 | _aENGLISH | ||
| 082 | _a630 | ||
| 100 | _a2101-1962 | ||
| 245 | _aRECOMMENDATIONS FOR LIMITS AND FITS FOR SIZES ABOVE 500MM UP TO 3150MM | ||
| 250 | _a0 | ||
| 260 |
_aDELHI _bISI _c1974 |
||
| 300 | _a12 | ||
| 650 | _aNULL | ||
| 999 |
_c651826 _d651826 |
||